000 00952nam a2200241Ia 4500
003 Ost
005 20260507075405.0
008 260507s9999||||xx |||||||||||||| ||und||
020 _a1311850977
040 _cfsecg
041 _aara
082 _a330
100 _aالغول، رشا
_eمؤلف
245 0 _aقضايا محاسبية معاصرة :
_bالمحاسبة عن رأس المال الفكري /
_c رشا الغول
260 _aالإسكندرية:
_bمكتبة الوفاء القانونية,
_c2014
300 _a218 صفحة؛
_bإيضاحات ؛
_c24 سم
504 _aالمراجع ص.183 ؛مصطلحات أجنبية ص.191
520 _aيضم رأس المال الفكري، مكونات رأس المال الفكري، القياس المحاسبي لرأس المال الفكري
653 _aالمحاسبة
653 _aرأس المال
653 _aرأس المال الفكري
942 _cكتاب
999 _c44297
_d44297